| 000 | 00675nam a2200193 a 4500 | ||
|---|---|---|---|
| 001 | 000028384 | ||
| 005 | 20200930054921.0 | ||
| 008 | 110408s1998 dr 000 0 spa d | ||
| 082 |
_axxx _bF475e |
||
| 100 | 1 |
_aFigueroa, Octavio _955341 |
|
| 245 | 1 | 0 |
_aEl municipio que buscamos / _cOctavio Figueroa. |
| 260 |
_aSanto Domingo : _bCentro de Estudios Sociales Padre Juan Montalvo, s. j., _bEditora Búho, _c1998. |
||
| 300 |
_a36 p. ; _c21 cm. |
||
| 490 | 1 |
_aEducación democrática _v6 |
|
| 504 | _aBibliografía : p. 35 | ||
| 504 | _aIncluye referencias bibliográficas y notas al pie de las páginas | ||
| 830 | 0 |
_aEducación democrática ; _v6 _955342 |
|
| 999 |
_c27876 _d27876 |
||
| 040 | _aDO-SdBNP | ||